Holidays Quiz - Statistics

General Stats
  • This quiz has been taken 21 times
  • The average score is 8 of 20
Answer Stats
Description Holiday % Correct
Celebrates the birth of Jesus Christ Christmas
100%
Celebrates the reserrection of Jesus Christ Easter
95%
Trick or treat! Halloween
90%
Celebrates love and romance Valentine's Day
75%
Irish holiday celebrated on the 17th of March Saint Patrick's Day
65%
30 day period of fasting, commemorating the first revelation of the Quran Ramadan
60%
Takes place the day after the above Boxing Day
50%
Jewish holiday known by the alternative title of the 'Festival of Lights' Hanukkah
50%
First day of a month dedicated to tricks and pranks April Fool's Day
40%
Celebrates the beginning of a new year using the lunar calendar Chinese New Year
40%
Mexican holiday named '5th of May' Cinco de Mayo
40%
Hindu festival of lights Diwali
35%
Commemorates Australian and New Zealander soldiers ANZAC Day
30%
Celebrates the abolition of slavery Juneteenth
30%
10th day of Muharram Ashura
10%
Pagan holiday celebrated by the Germanic peoples Yule
10%
Jewish day of atonement Yom Kippur
5%
Celebrates members of the LGBTQ+ community Gay and Lesbian Mardi Gras
0%
Celebrates the accomplishments of the suffragettes International Women's Day
0%
Japanese autumn festival Takengei
0%
No matching quizzes found
Score Distribution
Percent of People with Each Score
Percentile by Number Answered
Your Score History
You have not taken this quiz